Mathematics for Business Studies (Record no. 31309)

MARC details
000 -LEADER
fixed length control field 00836nam a22002177a 4500
008 - FIXED-LENGTH DATA ELEMENTS--GENERAL INFORMATION
fixed length control field 091104t xxu||||| |||| 00| 0 eng d
010 ## - LCCN (DPL NO)
LC control number B-360050
020 ## - INTERNATIONAL STANDARD BOOK NUMBER
International Standard Book Number 978871981243
Terms of availability 240-00
035 ## - SYSTEM CONTROL NUMBER
System control number B-360050
037 ## - SOURCE OF ACQUISITION
Stock number UBH
Source of stock number/acquisition RP/CL/E;20/21-10-09/24-10-09/30-10-09
040 ## - CATALOGING SOURCE
Original cataloging agency dpl
Language of cataloging eng
082 ## - DEWEY DECIMAL CLASSIFICATION NUMBER
Classification number 510.650
100 ## - MAIN ENTRY--PERSONAL NAME
Personal name Thukral,J.K
245 ## - TITLE STATEMENT
Title Mathematics for Business Studies
Statement of responsibility, etc by J.K.Thukral
260 ## - PUBLICATION, DISTRIBUTION, ETC. (IMPRINT)
Place of publication, distribution, etc New Delhi
Name of publisher, distributor, etc Mayur Paperbacks
Date of publication, distribution, etc 2009
270 ## - ADDRESS
Address 23 Darya Ganj
City New Delhi
Postal code 110002
Telephone number 23242257
300 ## - PHYSICAL DESCRIPTION
Extent 793pg
Dimensions 24cm
942 ## - ADDED ENTRY ELEMENTS (KOHA)
Source of classification or shelving scheme Dewey Decimal Classification
Item type English Books
Classification part 510.650
Call number suffix THU
Holdings
Withdrawn status Lost status Source of classification or shelving scheme Damaged status Not for loan Home library Current library Date acquired Source of acquisition Cost, normal purchase price Total Checkouts Full call number Barcode Date last seen Cost, replacement price Koha item type
    Dewey Decimal Classification     Central Library Central Library 30/10/2009 RP/CL 240.00   510.650 THU B-360050 04/11/2009 240.00 English Books

© Delhi Public Library
Hit Counter
free hit counter